Top 300 Baby Names beginning with D (1980, USA) Quiz Stats

 Plays Quiz not verified by Sporcle

Score 0/300 Timer 20:00
0 Plays Today
gender name % Correct
MDan
99.2%
MDaniel
98.6%
FDaniel
98.6%
FDani
98.5%
MDavid
97.5%
FDavid
97.5%
MDon
96.9%
FDona
93.3%
FDanielle
92.8%
MDanielle
92.8%
FDaniell
92.8%
MDonald
92.2%
FDonald
92.1%
FDonna
91.4%
MDave
90.8%
FDia
90.5%
MDanny
89.9%
FDaniella
88.4%
FDiana
88.4%
MDean
87.4%
FDiane
86.7%
FDori
85.4%
MDennis
85.4%
FDana
83.5%
MDana
83.5%
FDeborah
83.1%
MDonnie
82.6%
FDaniela
81.5%
FDina
81.5%
MDonny
81.1%
MDenis
80.2%
FDebora
80.1%
FDebbie
79.8%
MDylan
79.7%
FDaisy
79.1%
MDannie
79.1%
FDora
78.9%
FDebra
77.9%
MDarren
77.7%
FDianna
76.8%
FDorothy
76.5%
FDenise
76.3%
FDevon
75.7%
MDevon
75.7%
MDerek
75.2%
FDerek
75.2%
FDianne
74.8%
FDestiny
74.7%
MDevin
74.6%
FDevin
74.6%
FDeann
73.8%
FDeanna
73.7%
MDane
73.3%
MDillon
72.5%
FDoris
72%
MDamian
71.9%
FDee
70.9%
FDelia
70.7%
MDerrick
70.5%
FDerrick
70.5%
MDoug
68.8%
MDustin
68.6%
FDustin
68.6%
FDolly
68.6%
MDouglas
68.5%
MDominic
68.3%
FDella
67.9%
MDamien
66.8%
MDavis
66.8%
MDrew
66.3%
MDesi
66%
FDusti
65.1%
FDarlene
65%
MDusty
64.7%
FDusty
64.7%
FDelilah
64.7%
FDarla
64.2%
MDenny
63.8%
MDexter
63.5%
FDaphne
63.4%
FDawn
62.8%
FDeana
61.4%
MDale
61.3%
MDaren
61.3%
FDale
61.3%
MDarrel
61.2%
MDamon
60.9%
MDarryl
60.4%
MDaryl
60.4%
FDeanne
59.2%
FDesire
58.8%
MDrake
58.6%
FDaria
58.4%
MDavey
57.2%
FDesiree
57.1%
FDena
56.9%
FDoreen
56.5%
MDerick
55.8%
FDinah
55.4%
MDarrell
55.2%
gender name % Correct
FDara
55.1%
FDarcy
53.5%
MDominick
53.5%
MDavin
52.9%
MDeric
52.9%
MDarin
52.5%
MDwayne
52%
MDarrin
51.7%
FDaniele
51.7%
MDion
51.1%
FDevan
51.1%
MDevan
51.1%
MDallas
49.1%
FDallas
49.1%
FDorothea
48.7%
FDominique
48.4%
MDominique
48.4%
MDorian
47.3%
FDorian
47.3%
MDuane
46.8%
MDarius
46.3%
MDesmond
45.2%
FDeena
45%
FDottie
44.4%
MDavy
44.3%
FDahlia
44.2%
FDarci
43.8%
MDalton
43.7%
MDax
43.5%
FDolores
43.4%
FDanna
43.1%
FDarcie
42.6%
FDionne
41.4%
MDerrek
41.2%
FDavina
41.1%
FDelores
40.7%
FDalia
40.7%
MDamion
40.5%
MDante
40.1%
FDavida
40%
MDewey
39.8%
MDwight
39.1%
MDarell
39.1%
MDuke
38.4%
FDixie
38.1%
MDirk
37.5%
FDeirdre
37.4%
FDania
36.8%
MDarnell
36.4%
MDerik
36.4%
FDanica
36.4%
FDiamond
35.4%
MDiego
35.3%
FDustie
35.2%
FDayna
35.1%
MDarian
35.1%
MDereck
34.9%
MDuncan
34.7%
FDawna
34.4%
FDestini
34.4%
MDayton
34.2%
FDanika
33.2%
FDeven
33.2%
MDeven
33.2%
MDerrik
32.7%
MDino
31%
FDarcey
30.6%
FDeidre
30.1%
MDarron
29.8%
MDelbert
29.5%
MDonovan
29.1%
MDario
28.9%
MDarwin
28.9%
MDaron
28.4%
FDasha
28.1%
FDenice
27.4%
MDouglass
26.9%
MDavon
26.7%
FDionna
26.7%
FDominica
25.8%
MDarien
25.4%
MDwain
25.2%
MDakota
25.2%
MDudley
24%
FDarby
23.8%
FDwan
23.8%
FDanyel
23.6%
MDeon
23.5%
MDenver
23.4%
FDorcas
23.4%
FDaina
23.3%
MDewayne
22.9%
MDaryn
22.9%
MDwane
22.2%
MDusten
21.8%
FDanyell
21.2%
MDamen
21%
MDeshawn
20.7%
MDenton
19.8%
FDione
19.5%
gender name % Correct
FDanyelle
19.3%
MDemetrius
18.9%
FDemetrius
18.9%
MDanial
18.3%
MDustan
18.2%
MDimitri
18.2%
MDonte
17.8%
MDonell
17.6%
MDeandre
16.6%
FDanita
16.3%
FDanya
16.2%
FDeja
15.9%
FDannielle
15.6%
MDomenic
15.6%
MDustyn
15.5%
MDoyle
15.5%
FDeidra
15.4%
MDarrick
15.4%
MDuston
15.4%
FDemetria
15%
MDarick
14.4%
MDonnell
14.4%
MDemarcus
13.7%
MDeron
13.5%
FDanelle
13.1%
MDeshaun
13.1%
MDarrius
12.9%
MDomingo
12.8%
FDeandra
12.7%
FDonita
12.4%
MDelmar
12.4%
FDamaris
12.1%
MDelano
12.1%
FDeloris
12.1%
MDarek
12%
MDashawn
11.8%
FDulce
11.6%
FDanette
11.6%
FDeeanna
11.5%
MDerrell
11.3%
MDelvin
11%
MDeangelo
10.7%
FDedra
10.5%
FDanisha
10.5%
FDesirae
10.3%
MDonavan
9.9%
FDevorah
9.7%
MDemarco
9.5%
FDenita
9.2%
FDanae
8.8%
FDomenica
8.8%
MDonta
8.7%
FDeonna
8.7%
FDenisha
8.6%
FDalila
8.3%
MDangelo
8.3%
MDemitrius
8.3%
MDemario
7.9%
FDelana
7.8%
FDevona
7.6%
MDonavon
7.5%
MDejuan
7.2%
MDomenico
6.1%
FDiandra
6.1%
FDonya
5.9%
MDandre
5.7%
MDontay
5.7%
FDiedra
5.5%
FDonisha
5.4%
MDontae
5%
MDuran
5%
FDeedra
4.9%
MDameon
4.7%
MDemond
4.6%
FDacia
4.2%
FDelisa
3.8%
MDomonic
3.8%
FDenae
3.5%
FDeandrea
3.5%
FDelicia
3.4%
FDemetra
3.3%
FDonielle
2.9%
MDraper
2.7%
MDeonte
2.7%
MDajuan
2.7%
MDemetrios
2.6%
MDarris
2.5%
MDedrick
2.4%
FDesirea
2.4%
MDedric
2.3%
FDenielle
2.1%
MDamein
1.6%
FDoretha
1.6%
MDimitrios
1.4%
MDemetris
1.4%
FDetra
0.8%
MDemetric
0.7%
MDetrick
0.7%
FDemetrice
0.6%
MDemetrice
0.6%

You're not logged in!

Compare scores with friends on all Sporcle quizzes.
OR
Log In

Show Comments

Extras

Top Quizzes Today


Score Distribution

Your Account Isn't Verified!

In order to create a playlist on Sporcle, you need to verify the email address you used during registration. Go to your Sporcle Settings to finish the process.

Report this User

Report this user for behavior that violates our Community Guidelines.

Details: